Novell DOS 7 <Das> Kompendium. Einführung. Arbeitsbuch. Nachschlagewerk
Uložené v:
| Hlavný autor: | |
|---|---|
| Ďalší autori: | |
| Médium: | Kniha |
| Jazyk: | German |
| Vydavateľské údaje: |
Haar bei München
Markt und Technik
1994
|
| Vydanie: | 1. Aufl. |
| Predmet: | |
| Tagy: |
Žiadne tagy, Buďte prvý, kto otaguje tento záznam!
|
MARC
| LEADER | 00000nam a2200000 4500 | ||
|---|---|---|---|
| 001 | c010318 | ||
| 005 | 20221214075344.6 | ||
| 020 | |a 3-87791-556-6 | ||
| 041 | 0 | |a ger | |
| 044 | |a DE | ||
| 245 | 1 | 0 | |a Novell DOS 7 |b <Das> Kompendium. Einführung. Arbeitsbuch. Nachschlagewerk |c Kai Hamann, Michael Kolberg |
| 250 | |a 1. Aufl. | ||
| 264 | 1 | |a Haar bei München |b Markt und Technik |c 1994 | |
| 300 | |a 750 s. | ||
| 610 | 2 | 0 | |a softvér |
| 610 | 2 | 0 | |a systémy operačné |
| 610 | 2 | 0 | |a programy počítačové |
| 610 | 2 | 0 | |a siete počítačové |
| 100 | 1 | |a Hamann, Kai | |
| 700 | 1 | |a Kolberg, Michael | |